Μέθοδοι διαχείρισης δασικών οικοσυστημάτων και επικινδυνότητα πυρκαγιών με χρήση γεωπληροφορικής : μεταπτυχιακή διατριβή
Προσομοιώσεις εναλλακτικών μεθόδων διαχείρισης δασικής βλάστησης με σκοπό τη μείωση της επικινδυνότητας δασικών πυρκαγιών με τη χρήση του Arcfuels10.
Αποθηκεύτηκε σε:
| Κύριος συγγραφέας: | |
|---|---|
| Συγγραφή απο Οργανισμό/Αρχή: | |
| Μορφή: | Thesis Βιβλίο |
| Γλώσσα: | Greek |
| Δημοσίευση: |
2015.
|
| Θέματα: | |
| Διαθέσιμο Online: | http://hdl.handle.net/11610/11292 |
| Ετικέτες: |
Προσθήκη ετικέτας
Δεν υπάρχουν, Καταχωρήστε ετικέτα πρώτοι!
|
MARC
| LEADER | 00000cam a2200000 a 4500 | ||
|---|---|---|---|
| 001 | 1/109236 | ||
| 008 | 151027s2015####gr d ||| |||| ||gre|| | ||
| 040 | |a GR-MyUa |b gre |c GR-MyUa |e AACR2 | ||
| 041 | 0 | |a gre | |
| 082 | 7 | |a 363.37 |2 (23) | |
| 100 | 1 | |a Λάγκου, Κωνσταντίνα. | |
| 245 | 1 | 0 | |a Μέθοδοι διαχείρισης δασικών οικοσυστημάτων και επικινδυνότητα πυρκαγιών με χρήση γεωπληροφορικής : |b μεταπτυχιακή διατριβή / |c Λάγκου Κωνσταντίνα ; [επιβλέπων καθηγητής: Καλαμποκίδης Κώστας] |
| 260 | |c 2015. | ||
| 300 | |a 105 σ. : |b εικ. ; |c 24 εκ. | ||
| 500 | 8 | |a Εξεταστική επιστοπή: Καλαμποκίδης Κώστας, Κυριακίδης Φαίδων, Βαϊτητς Μιχαήλ. | |
| 500 | 8 | |a Εργαστήριο γεωγραφίας και φυσικών καταστροφών: υπεύθυνος εργαστηρίου και επιβλέπων καθηγητής: Καλαμποκίδης Κώστας. | |
| 502 | |a Διατριβή (μεταπτυχιακή) - Πανεπιστήμιο Αιγαίου, Λέσβος, 2015. | ||
| 504 | |a Βιβλιογραφία: σ. 99-105. | ||
| 506 | 1 | |a Ηλεκτρονική διάθεση στο πλήρες κείμενο – περιορισμένης πρόσβασης ; |d Ελεύθερη διάθεση μόνο στα μέλη του Πανεπιστημίου Αιγαίου. | |
| 520 | 8 | |a Προσομοιώσεις εναλλακτικών μεθόδων διαχείρισης δασικής βλάστησης με σκοπό τη μείωση της επικινδυνότητας δασικών πυρκαγιών με τη χρήση του Arcfuels10. | |
| 540 | |a Κλειδωμένη η δυνατότητα αντιγραφής (copy) από το ηλεκτρονικό αρχείο. | ||
| 650 | 0 | |a Forest fires. | |
| 650 | 0 | |a Forest fires |x Prevention and control |x Geographic information systems. | |
| 700 | 1 | |a Καλαμποκίδης, Κώστας Δ. |e dgs | |
| 710 | 2 | |a Πανεπιστήμιο Αιγαίου |b Σχολή Κοινωνικών Επιστημών |b Τμήμα Γεωγραφίας |b Μεταπτυχιακό Πρόγραμμα Σπουδών Γεωγραφία και Εφαρμοσμένη Γεωπληροφορική. | |
| 852 | |a INST |b LESVOS |c DIATR |e 20151027 |h 263 |p 005100057996 |q 005100057996 |t MTXE |y 23 | ||
| 856 | |u http://hdl.handle.net/11610/11292 | ||
| 924 | |a Λάγκου |b Κωνσταντίνα |y Λέσβος |z 2015-10 | ||
| 970 | |a Τζαφέρη |b Ευαγγελία |z 27-10-2015 | ||